Митично подвеждане (Запис номер 26954)
[ съкратено ]
| 000 -Лидер | |
|---|---|
| Контролно поле с фиксирана дължина | 01582nam a2200361 c 4500 |
| 003 - Код на организацията, давaща контролен номер | |
| Контролно поле | BLK |
| 005 - Дата и час на последна редакция | |
| Контролно поле | 20180422095657.0 |
| 008 - Елементи от данни с фиксирана дължина | |
| fixed length control field | 180413b bul|||||r ||||||| ||bul|| |
| 010 ## - Наследен системен номер | |
| LC control number | KNG00029516000 |
| 020 ## - Международен стандартен номер на книга ISBN | |
| Международен стандартен номер на книга ISBN | 954-570-058-0 |
| -- | издат.: Аргус |
| 040 ## - Източник на каталожния запис | |
| Идентификатор на билиотеката - собственик на записа | BLK |
| 041 ## - Код за език | |
| Код за езика на текст/звукозапис или на отделно заглавие | Български |
| Код за езика КДБФ | Български |
| 080 ## - УДК | |
| Текстов определител УДК | Американска литература (на САЩ) |
| УДК код - определител по УДК | 821.111(73) |
| УДК определител | -312.9 |
| УДК - код + определител | 821.111(73)-312.9 |
| 100 1# - Редна дума - Автор | |
| Автор | Асприн, Робърт Лин |
| Авторска отговорност | първи автор |
| R(LIN) | 266704 |
| 139 ## - Редно поле | |
| Редна дума | Асприн, Робърт Лин |
| Авторски знак | Ас - А 92 |
| 245 10 - Сведения за заглавието | |
| Заглавие | Митично подвеждане |
| Подзаглавни данни | Роман |
| Редно поле (дума) | Робърт Лин Асприн; прев. от англ. Александър Георгиев Кожухаров; предг. от Емануел Георгиев Икономов. |
| 257 ## - Страна на издаване | |
| Страна на създаване/издаване | Съединени американски щати |
| 260 ## - Област на издателските данни | |
| -- | София |
| Име на издателя, разпространителя и проч. | Аргус |
| Година на издаване | 1999 |
| 300 ## - Физическа характеристика | |
| Страници | 222 с. |
| Размери/Мащаб | 20 см |
| 380 ## - Жанр | |
| Жанр | Худож. лит. |
| 490 1# - СЕРИИ (Колекции) | |
| Име на серия | Фантастика |
| №: серия | 045 |
| 490 1# - СЕРИИ (Колекции) | |
| -- | Подсерия |
| Име на серия | Поредица Митични приключения |
| №: серия | Ч. 3 |
| 500 ## - Общи забележки | |
| Забележка | Ориг. загл. Myth Directions / Robert Asprin. - Офс. изд. |
| 653 ## - Ключова дума – ненормативна | |
| Ключова дума | фентъзи |
| 653 ## - Ключова дума – ненормативна | |
| Ключова дума | романи |
| 700 1# - Други автори (авторска отговорност) | |
| Лично име | Кожухаров, Александър Георгиев |
| Автороска отговорност (Описва отношението между автора и произведението) | прев. от англ. |
| 9 (RLIN) | 366180 |
| 700 1# - Други автори (авторска отговорност) | |
| Лично име | Икономов, Емануел Георгиев |
| Автороска отговорност (Описва отношението между автора и произведението) | предг. от |
| 9 (RLIN) | 364109 |
| 852 ## - Местоположение | |
| Форматна сигнатура | Цб 202637 |
| 856 4# - Електронен адрес и достъп | |
| Електронен формат | pdf - файл |
| Път до файла /url/ | |
| 856 4# - Електронен адрес и достъп | |
| Електронен формат | pdf - файл |
| Път до файла /url/ | |
| 942 ## - АРТИКУЛИ | |
| Вид на библиотечния материал | Книги |
| Скрит в OPAC | Не |
| 944 ## - СЪЗДАВАНЕ И РЕДАКЦИЯ на ЗАПИСА | |
| Създаване/Редакция | Създаване |
| Дата на регистрацията/редакция | 15.01.2003 |
| Статус, дата на статуса | ф / |
| Служител, извършил регистрацията/редакцията | Виолета_Тройчева |
| 944 ## - СЪЗДАВАНЕ И РЕДАКЦИЯ на ЗАПИСА | |
| Създаване/Редакция | Редакция |
| Дата на регистрацията/редакция | 15.05.2017 |
| Статус, дата на статуса | ф / |
| Служител, извършил регистрацията/редакцията | Людмила_Стоянова |
| 999 ## - СИСТЕМНИ КОНТРОЛНИ НОМЕРА | |
| Koha biblionumber | 26954 |
| Koha biblioitemnumber | 26954 |
| Код за отписване | Код за изгубен артикул | Източник на класификационната схема | Код за повреда | Коз за рестрикции | Код за отдаване | Артикулен № | Име на библиотеката - собственик | Име на библиотеката, в която се намира в момента | Статус (Текущо местоположение) | Дата на вписване в системата | Местоположение - отдел | Цена в лева | Инвентарен номер | Систематично азбучна сигнатура | Баркод | Номер на екземпляра | Цена в евро | Служебна бележка | Служебен тип на артикула |
|---|---|---|---|---|---|---|---|---|---|---|---|---|---|---|---|---|---|---|---|
| Изтеглен | Не е изгубен | Universal Decimal Classification | Не е повреден | без рестрикции | заемане за дома | 43671 | Регионална библиотека "Любен Каравелов" Русе | Регионална библиотека "Любен Каравелов" Русе | Детски отдел | 2001-01-01 | Детски отдел | 3.80 | 651694 | ДХ 820/899/А 92 | 120000651694 | 1 | 1.94 | Дост: Pk Вид: Ф N: стар фонд Дата: 01.01.1999 Дата инв: 07.09.2015 Бележки инв: Д2015 | Книги |
| Не е изгубен | Universal Decimal Classification | Не е повреден | без рестрикции | ползва се в читалня | 43672 | Регионална библиотека "Любен Каравелов" Русе | Регионална библиотека "Любен Каравелов" Русе | Хранилище | 2001-01-01 | Хранилище | 3.80 | 652124 | Цб 202637 | 120000652124 | 2 | 1.94 | Дост: Dp Вид: Д N: стар фонд Дата: 01.01.1999 | Книги | |
| Не е изгубен | Не е повреден | без рестрикции | заемане за дома | 43673 | Регионална библиотека "Любен Каравелов" Русе | Регионална библиотека "Любен Каравелов" Русе | Заемна - подръчен фонд | 2017-05-04 | Заемна - подръчен фонд | 8.00 | 120000810407 | П 820(73)-31/А 92 | 120000810407 | 3 | 4.09 | Дост: DA Вид: А N: 19 Дата: 04.05.2017 Дата инв: 14.02.2018 Бележки инв: П2018 | Книги |